000 00297nam a22001337a 4500
008 170614b xxu||||| |||| 00| 0 eng d
020 _a0060434392
041 _aeng
080 _a32
100 _a19
101 _aSHP
245 _aCONDUCTION POLITICAL RESEARCH
_cJONES.E.T
942 _2udc
_cBK
999 _c17401
_d17401